000 00548nam a2200205Ia 4500
003 IIN
005 20251201112501.0
008 231217s9999 xx 000 0 und d
020 _cRs.895.00
_a9780803615595
040 _aIIN
_bEnglish
082 _a610.3
_bTAB
100 1 _aTaber
245 1 _aTaber's Cyclopedic Medical Dictionary
_cby Taber
250 _a.- 21st ed
260 _bF. A. Davis Company
_aPhiladelphia
_c2009
300 _axxxiv, 2846 p.
650 1 _aDictionary
_vMedical
650 1 _aCyclopedic
_vMedical
942 _cREF
999 _c832
_d832